| 000 | 01274nam a22002777a 4500 | ||
|---|---|---|---|
| 005 | 20240530110431.0 | ||
| 008 | 150401s2011 ua c a 00| f ara d | ||
| 017 |
_a2010/15415 _bمصر . دار الكتب المصرية |
||
| 020 | _a9789774556354 | ||
| 040 | _aEG-CaGPL | ||
| 082 | 0 | 4 |
_221 _a809.931 _bط/د ر |
| 100 | 1 |
_aهيبلوايت ، بيتر _eبيتر هيبلوايت |
|
| 245 | 1 | 0 |
_aمغامرات بريسيوس / _cتاليف بيتر هيبلوايت ؛ رسوم مارك برجين ؛ ترجمة قسم الترجمة بدار الفاروق للاستثمارات الثقافية |
| 250 | _aط1 | ||
| 260 |
_aالقاهرة : _bدار الفاروق للاستثمارات الثقافية ، _c2011 |
||
| 300 |
_a32 ص : _bصور لو ؛ _c22 سم |
||
| 490 | 0 | _aروائع الفلكلور العربى | |
| 650 | 0 | 4 |
_aالادب والفلكلور _xقصص الاطفال |
| 650 | 0 | 4 | _aالاساطير |
| 650 | 0 | 4 | _aالقصص العالمية |
| 650 | 0 | 4 |
_aالادب العالمى _xقصص الاطفال |
| 700 | 1 |
_aبرجين ، مارك _eرسام |
|
| 710 | 2 |
_aقسم الترجمة بدار الفاروق للاستثمارات الثقافية _eمترجم |
|
| 942 |
_2ddc _cBK |
||
| 999 |
_c60850 _d60850 |
||